[Event "Florianopolis op 9th"]
[Site "Florianopolis"]
[Date "2023.01.29"]
[Round "10"]
[White "Leacina, Gisele Santiago"]
[Black "Constantino, Pedro Henrique"]
[Result "0-1"]
[WhiteElo "1326"]
[BlackElo "1727"]
[PlyCount "72"]
[EventDate "2023.01.23"]
[EventType "swiss"]
[EventRounds "10"]
[EventCountry "BRA"]
[SourceTitle "CBM 212 Extra"]
[Source "ChessBase"]
[SourceDate "2023.03.31"]
[SourceVersion "1"]
[SourceVersionDate "2023.03.31"]
[SourceQuality "1"]

1. e4 c5 2. Nc3 d6 3. f4 g6 4. Nf3 Bg7 5. d3 e6 6. g3 Ne7 7. Bg2 0-0 8. 0-0 Nbc6 9. Re1 Rb8 10. a4 a6 11. Ne2 f5 12. c3 Qb6 13. Kh1 Bd7 14. Neg1 Na5 15. exf5 Nxf5 16. Ng5 Nb3 17. Ra2 Nxc1 18. Qxc1 h6 19. N5f3 Kh7 20. a5 Qc7 21. Nd2 Rbe8 22. Ngf3 Bc6 23. Nc4 Bd5 24. Ra1 e5 25. Rf1 Bxc4 26. dxc4 exf4 27. gxf4 Ne3 28. Rg1 Rxf4 29. Qe1 Qf7 30. Qf2 Nxg2 31. Kxg2 Rf8 32. Rgf1 Qf5 33. h3 g5 34. Rfd1 g4 35. Rd5 gxf3+ 36. Kh2 Be5 0-1

[Event "Florianopolis Autumn op U2300"]
[Site "Florianopolis"]
[Date "2022.05.15"]
[Round "6"]
[White "De Haro, Martim Alfonso"]
[Black "Leacina, Gisele Santiago"]
[Result "1-0"]
[WhiteElo "1727"]
[BlackElo "1331"]
[PlyCount "59"]
[EventDate "2022.05.13"]
[EventType "swiss"]
[EventRounds "6"]
[EventCountry "BRA"]
[SourceTitle "CBM 208 Extra"]
[Source "ChessBase"]
[SourceDate "2022.07.31"]
[SourceVersion "1"]
[SourceVersionDate "2022.07.31"]
[SourceQuality "1"]

1. e4 e5 2. Nf3 Nc6 3. d4 exd4 4. Bc4 Nf6 5. e5 d5 6. Bb5 Ne4 7. Nxd4 Bd7 8. Bxc6 bxc6 9. 0-0 Bc5 10. Be3 Bb6 11. Nc3 Nxc3 12. bxc3 0-0 13. f4 Re8 14. Bf2 Rb8 15. Qd2 Bc5 16. Nb3 Bxf2+ 17. Qxf2 a6 18. Rae1 Qe7 19. f5 Qg5 20. Nc5 Bc8 21. Re3 Qe7 22. Nd3 c5 23. f6 Qf8 24. fxg7 Qe7 25. Rf3 Bd7 26. Rxf7 Qd8 27. Nxc5 Bb5 28. Rd7 Qxd7 29. Nxd7 Bxf1 30. Nxb8 1-0

[Event "Florianopolis Autumn op U2300"]
[Site "Florianopolis"]
[Date "2022.05.14"]
[Round "4"]
[White "Correria, Pedro Bavaresco"]
[Black "Leacina, Gisele Santiago"]
[Result "1-0"]
[WhiteElo "1800"]
[BlackElo "1331"]
[PlyCount "79"]
[EventDate "2022.05.13"]
[EventType "swiss"]
[EventRounds "6"]
[EventCountry "BRA"]
[SourceTitle "CBM 208 Extra"]
[Source "ChessBase"]
[SourceDate "2022.07.31"]
[SourceVersion "1"]
[SourceVersionDate "2022.07.31"]
[SourceQuality "1"]

1. d4 Nf6 2. c4 e6 3. Nc3 d5 4. Bg5 Be7 5. e3 0-0 6. cxd5 exd5 7. Bd3 Nc6 8. Nge2 h6 9. Bh4 Re8 10. 0-0 Be6 11. Rc1 Nb4 12. Bb1 b6 13. a3 Na6 14. Bxf6 Bxf6 15. Qd3 Qc8 16. Nf4 g6 17. Ncxd5 Bg7 18. Nxe6 Rxe6 19. Ba2 Re8 20. Nf4 Kf8 21. Bd5 Rb8 22. Bc4 Qd8 23. Bxa6 Qf6 24. Bb5 Red8 25. Rc6 Qe7 26. Rfc1 Rd7 27. R6c3 c6 28. Rxc6 Qd8 29. h3 Rd6 30. Rxd6 Qxd6 31. Rc6 Qd8 32. Qc4 Kg8 33. Nxg6 a5 34. Rc7 Qf6 35. Ne5 Qe6 36. Rxf7 Qxc4 37. Bxc4 Kh8 38. a4 Rc8 39. b3 h5 40. g4 1-0

[Event "Florianopolis Autumn op U2300"]
[Site "Florianopolis"]
[Date "2022.05.14"]
[Round "3"]
[White "Deste, Dayan Kuhn"]
[Black "Leacina, Gisele Santiago"]
[Result "1-0"]
[WhiteElo "1977"]
[BlackElo "1331"]
[PlyCount "77"]
[EventDate "2022.05.13"]
[EventType "swiss"]
[EventRounds "6"]
[EventCountry "BRA"]
[SourceTitle "CBM 208 Extra"]
[Source "ChessBase"]
[SourceDate "2022.07.31"]
[SourceVersion "1"]
[SourceVersionDate "2022.07.31"]
[SourceQuality "1"]

1. e4 e5 2. Nf3 Nc6 3. Bc4 Nf6 4. d3 Bc5 5. h3 d6 6. 0-0 h6 7. Be3 Bb6 8. c3 g5 9. Bxb6 axb6 10. Nfd2 h5 11. Bb5 Bd7 12. Na3 Rg8 13. f3 g4 14. Kf2 gxh3 15. gxh3 Bxh3 16. Rg1 Rh8 17. d4 Bd7 18. Ndc4 Qe7 19. Ne3 exd4 20. cxd4 Kd8 21. Nac4 Nb8 22. a4 Ra7 23. Qc2 Ne8 24. Bxd7 Nxd7 25. Nf5 Qf8 26. Nce3 Nef6 27. Rac1 c6 28. Nc4 Ne8 29. Rgd1 Kc7 30. b4 Ndf6 31. Na3 Ng7 32. Nb5+ Kb8 33. Nxa7 Kxa7 34. Nxg7 Qxg7 35. Rg1 Qh6 36. a5 b5 37. a6 Kxa6 38. Qa2+ Kb6 39. Qa5# 1-0

[Event "BRA-ch sf (Women)"]
[Site "Icara"]
[Date "2017.07.02"]
[Round "6"]
[White "Pinheiro, Erica de Castro"]
[Black "Leacina, Gisele Santiago"]
[Result "0-1"]
[WhiteElo "1262"]
[BlackElo "1361"]
[PlyCount "58"]
[EventDate "2017.06.29"]
[EventType "swiss"]
[EventRounds "7"]
[EventCountry "BRA"]
[SourceTitle "CBM 179 Extra"]
[Source "ChessBase"]
[SourceDate "2017.08.23"]
[SourceVersion "1"]
[SourceVersionDate "2017.08.23"]
[SourceQuality "1"]

1. e4 e5 2. Nf3 Nc6 3. Bb5 a6 4. Ba4 Nf6 5. 0-0 Be7 6. Re1 b5 7. Bb3 d6 8. h3 0-0 9. c3 Re8 10. d4 Bf8 11. Nbd2 Bb7 12. Nf1 exd4 13. cxd4 Nxe4 14. Be3 Na5 15. Bc2 c5 16. dxc5 dxc5 17. Qc1 c4 18. N1d2 Rc8 19. Nxe4 Bxe4 20. Bxe4 Rxe4 21. Qc2 Re6 22. Ng5 Rg6 23. Qf5 Bc5 24. Rad1 Qc7 25. Rd7 Qc6 26. Red1 Rf8 27. Rxf7 Nb7 28. Rdd7 Rxf7 29. Nxf7 Qxg2# 0-1

[Event "BRA-ch sf (Women)"]
[Site "Icara"]
[Date "2017.06.29"]
[Round "1"]
[White "Heinrichs, Vivian"]
[Black "Leacina, Gisele Santiago"]
[Result "1-0"]
[WhiteElo "2017"]
[BlackElo "1361"]
[PlyCount "127"]
[EventDate "2017.06.29"]
[EventType "swiss"]
[EventRounds "7"]
[EventCountry "BRA"]
[SourceTitle "CBM 179 Extra"]
[Source "ChessBase"]
[SourceDate "2017.08.23"]
[SourceVersion "1"]
[SourceVersionDate "2017.08.23"]
[SourceQuality "1"]

1. e4 e5 2. Nf3 Nc6 3. Bc4 Nf6 4. Ng5 d5 5. exd5 Na5 6. Bb5+ c6 7. dxc6 bxc6 8. Qf3 Bd7 9. Ba4 h6 10. Ne4 Be7 11. 0-0 0-0 12. d3 Re8 13. c3 c5 14. Nxf6+ Bxf6 15. Bxd7 Qxd7 16. Bxh6 Nc6 17. Nd2 Re6 18. Ne4 Be7 19. Qg4 g6 20. Qe2 Rc8 21. Be3 Nd8 22. Rfd1 Nb7 23. Bg5 Nd6 24. Bxe7 Qxe7 25. a3 Nf5 26. b4 cxb4 27. axb4 Kg7 28. Nc5 Rec6 29. Re1 Re8 30. Qf3 Rf6 31. d4 Nxd4 32. Qd3 Nf5 33. f4 Qc7 34. Qb5 Nd6 35. Qa4 Rxf4 36. Rad1 Re7 37. Rd5 Nb7 38. Qxa7 Nxc5 39. Qxc5 Rc4 40. Qxc7 Rexc7 41. Rexe5 Rxc3 42. Rc5 Rc1+ 43. Kf2 f6 44. Rxc7+ Rxc7 45. Rc5 Rb7 46. b5 g5 47. Kf3 Kg6 48. h3 Rb8 49. Ke4 Rd8 50. b6 Rb8 51. Rb5 Kf7 52. b7 Ke6 53. Rb6+ Ke7 54. Kf5 Ke8 55. Kxf6 Kd7 56. Kxg5 Rg8+ 57. Kf4 Rf8+ 58. Ke5 Re8+ 59. Kd5 Rb8 60. g4 Kc7 61. Rb3 Kd7 62. g5 Ke7 63. Kc6 Kd8 64. g6 1-0

[Event "BRA-ch U16 Girls"]
[Site "Itajai"]
[Date "2017.06.02"]
[Round "2"]
[White "Salvadego, Erika Giovana De O"]
[Black "Leacina, Gisele Santiago"]
[Result "1-0"]
[WhiteElo "1170"]
[BlackElo "1361"]
[PlyCount "69"]
[EventDate "2017.06.01"]
[EventType "swiss"]
[EventRounds "6"]
[EventCountry "BRA"]
[SourceTitle "CBM 179 Extra"]
[Source "ChessBase"]
[SourceDate "2017.08.23"]
[SourceVersion "1"]
[SourceVersionDate "2017.08.23"]
[SourceQuality "1"]

1. d4 Nf6 2. c4 g6 3. Nc3 Bg7 4. e4 d6 5. Nf3 0-0 6. Be2 Nfd7 7. 0-0 e5 8. d5 Qe8 9. Ne1 f5 10. Nd3 Nf6 11. f3 f4 12. b4 Nbd7 13. Qb3 b6 14. Ba3 Ba6 15. Qa4 Bxc4 16. Qc6 Bxd3 17. Bxd3 Rf7 18. Nb5 Nf8 19. Rac1 Qd8 20. Nxc7 Rc8 21. Ne6 Rxc6 22. Nxd8 Rxc1 23. Rxc1 Re7 24. b5 Rd7 25. Ne6 Bh8 26. Rc6 Ne8 27. Rc8 Kf7 28. Nxf8 Kxf8 29. Bb4 h5 30. a4 Bf6 31. a5 Bd8 32. a6 g5 33. Be2 Rg7 34. Rxd8 Rc7 35. Bxd6+ 1-0